<?xml version="1.0" encoding="UTF-8"?>
<marc:record xmlns:marc="http://www.loc.gov/MARC21/slim">
   <marc:leader>00000nam a2200000 a 4500</marc:leader>
   <marc:datafield ind1="1" ind2=" " tag="100">
      <marc:subfield code="a">Obert, Michael</marc:subfield>
      <marc:subfield code="4">aut</marc:subfield>
      <marc:subfield code="e">Verfasser/-in</marc:subfield>
   </marc:datafield>
   <marc:datafield ind1="0" ind2="0" tag="245">
      <marc:subfield code="a">Regenzauber</marc:subfield>
   </marc:datafield>
   <marc:datafield ind1="0" ind2="0" tag="245">
      <marc:subfield code="b">Auf dem Niger ins Innere Afrikas</marc:subfield>
   </marc:datafield>
   <marc:datafield ind1=" " ind2="1" tag="264">
      <marc:subfield code="b">Piper Verl.</marc:subfield>
      <marc:subfield code="c">2010</marc:subfield>
   </marc:datafield>
   <marc:datafield ind1="1" ind2=" " tag="520">
      <marc:subfield code="a">Der Autor erfüllt sich einen lang gehegten Wunschtraum, als er 7 Monate lang den Niger, den 3. größten Strom Afrikas, bereiste - von der Quelle in Oberguinea mehr als 4.000 Kilometer durch die Sahel-Zone und die südliche Sahara bis zur Mündung im Golf von Benin. Es ist ein in jeder Hinsicht strapaziöses Unternehmen. Es gibt freundliche, aber manchmal auch bedrohliche Begegnungen mit Fischern, Händlern, Nomaden, mit Schamanen, Fetischeuren, Wasserfrauen und Hexenmeistern, die ihm die Glaubenswelt der Flussvölker mit ihren einschüchternden Geistern und mächtigen Regengöttern vermitteln; hier erlebt er kaum glaubliche Abenteuer. Dann wiederum gerät er in riskante Konfrontationen mit dem grausamen Afrika der Organhändler, der Piraten und marodierenden Rebellenmilizen. Ein anschaulich und farbkräftig geschriebenes, überaus abenteuerliches Reiseepos.</marc:subfield>
   </marc:datafield>
   <marc:datafield ind1=" " ind2=" " tag="020">
      <marc:subfield code="a">9783492402491</marc:subfield>
      <marc:subfield code="9">9783492402491</marc:subfield>
   </marc:datafield>
</marc:record>
